00635nam a2200181Ia 450000500170000000800410001702000150005808200170007310000280009024501000011826000610021830000160027965000230029565000150031894200060033395200990033999900150043820240905061624.0240331s9999 xx 000 0 und d a9555800030 bSAMa613.042 aSamarasinghe, V. others 0aMaternal nutrition and health status of Indian Tamil female tea plantation workers in Sri Lanka aSri LankabInternational Centre For Ethnic Studiesc1990 aiv, 56 p ., aMaternal Nutrition aPlantation cL 001040708LaWERCLbWERCLcSSCd2024-03-31l0o 613.042 SAMp3257r2024-03-31w2024-03-31yL c3046d3046